书目信息

书名: 国家建筑标准设计图集 建筑小区塑料排水检查井
作者: 中国建筑标准设计研究所 组织编制
出版信息: 北京   中国计划出版社  2008
开本页数: 19×26cm  76页
丛书名:
单 册:
中图分类: TU99
科图分类:
主题词: 建筑设计--中国--图集 , 居住区--塑料管材--排水系统--检查井--设计--中国--图集 , 建筑设计 , 居住区 , 排水系统 , 塑料管材 , 检查井
电子资源:
ISBN: 978-7-80242-159-2
000 01063nam0 2200313 450
001 2619
005 20091113175653.0
010    @a978-7-80242-159-2@dCNY33.00
098    @a2619
100    @a20081010d2008 em y0chiy50 ea
101 @achi
102    @aCN@b110000
105    @aa z 000yy
106    @ar
200 @a国家建筑标准设计图集@Aguo jia jian zhu biao zhun she ji tu ji@i建筑小区塑料排水检查井@e08SS523@f中国建筑标准设计研究院组织编制
210    @a北京@c中国计划出版社@d2008
215    @a76页@d19×26cm
330    @a本规程适用于建筑小区范围内埋地塑料排水管道管径不大于800mm,埋深不大于6m,不下井操作的塑料排水检查井工程的设计、施工、验收和维护保养。
606 @a建筑设计@y中国@j图集
606 @a居住区@x塑料管材@x排水系统@x检查井@x设计@y中国@j图集
606 @a建筑设计
606 @a居住区
606 @a排水系统
606 @a塑料管材
606 @a检查井
690    @aTU99@v4
711 02 @a中国建筑标准设计研究所@Azhong guo jian zhu biao zhun she ji yan jiu suo@4组织编制
801    @aCN@bCDNYKJ@c20091120
905    @dTU99@e34
    
    国家建筑标准设计图集.建筑小区塑料排水检查井:08SS523/中国建筑标准设计研究院组织编制.-北京:中国计划出版社,2008
    76页;19×26cm
    
    
    ISBN 978-7-80242-159-2:CNY33.00
    本规程适用于建筑小区范围内埋地塑料排水管道管径不大于800mm,埋深不大于6m,不下井操作的塑料排水检查井工程的设计、施工、验收和维护保养。
相关链接 在五车中查询图书 在当当中查询图书 在豆瓣中查询图书


正题名:国家建筑标准设计图集     索取号:TU99/34         预约/预借

序号 登录号 条形码 馆藏地/架位号 状态 备注
1 258179   300258179   柳城-5楼/47架10列2层/ [索取号:TU99/34] 在馆    
2 258180   300258180   柳城密-1楼/1架9列5层/ [索取号:TU99/34] 在馆    
3 258181   300258181   柳城-5楼/47架10列2层/ [索取号:TU99/34] 在馆    
4 258182   300258182   柳城-5楼/47架10列2层/ [索取号:TU99/34] 在馆